LDR 00758naa#a2200205#i#450# 001 EN\\bibl\125720 005 20260630034925.2 011 ## _a2077-7566 100 ## _a20260629b2026####ek#y0engy0150####ca 101 0# _aRUS 102 ## _aRU 200 1# _aEFFECTIVENESS OF THE "FROM BITE TO FOOT" PROTOCOL IN THE TREATMENT OF DESCENDING IDIOPATHIC SCOLIOSIS USING JAW FUNCTIONAL ORTHOPEDICS _eJournal article 210 1# _aEkaterinburg _cTIRAZH Publishing House _d2026 215 ## _a7 с. 608 ## _aJournal article _2local 675 ## _aСтоматология. Заболевания ротовой полости и зубов. 616.31 _zRUS 700 #1 _aVasilyeva _gMaria Borisovna 700 #1 _aKosyreva _gTamara F. 700 #1 _aValerio _gPatricia 856 4# _adental-press.ru _u